000 00274nam a2200121Ia 4500
008 190216s9999||||xx |||||||||||||| ||und||
100 _aAgrawal A N
245 0 _aIndian Economy
260 _bWiley Eastern Ltd
_c1975
300 _a653 pag
650 _aEconomics
942 _cBK
999 _c9872
_d9872